000 00664nam a22002177a 4500
003 UA-OsUOA
001 37843
007 ta
008 20060411b un ||||| |||| 00| 0 ukr d
100 _aРоманишин С.
090 _a330(477)
_bР11
942 _cSA
040 _aUA-OsUOA
_bukr
_cUA-OsUOA
_dUA-OsUOA
245 _aКредитний похід. Автодилери, банки та страхові компанії об'єдналися, щоб заробити на автомобілях
300 _aС.30
955 _a0
041 _aukr
080 _a330(477)
773 0 _w37842
650 7 _a330 Економіка взагалі
_2UDC
999 _c323998
_d323998